000 00241 a2200097 4500
001 52168
100 _aMascia L
245 _aThermoplastics: Materials Engineering
260 _aLondon
_bApplied Science Publishers
_c
090 _c32831
_d32831
942 _aNUST-CAE
_cM
_c25371
999 _c287241
_d287241